| 000 -LEADER | |
|---|---|
| fixed length control field | 00429nam a22001697a 4500 |
| 005 - DATE AND TIME OF LATEST TRANSACTION | |
| control field | 20180205142547.0 |
| 008 - FIXED-LENGTH DATA ELEMENTS--GENERAL INFORMATION | |
| fixed length control field | 160905b xxu||||| |||| 00| 0 eng d |
| 020 ## - INTERNATIONAL STANDARD BOOK NUMBER | |
| ISBN | 978-93-83746-736 |
| 041 ## - LANGUAGE CODE | |
| Language code of text/sound track or separate title | eng |
| 082 ## - DEWEY DECIMAL CLASSIFICATION NUMBER | |
| Classification number | 004.65 |
| 100 ## - MAIN ENTRY--AUTHOR NAME | |
| Personal name | PANDEY,DR U.S and CHOUDHARY, DR. KAVITA |
| 245 ## - TITLE STATEMENT | |
| Title | CLOUD COMPUTING |
| 260 ## - PUBLICATION, DISTRIBUTION, ETC. (IMPRINT) | |
| Name of publisher | S CHAND |
| Year of publication | 2014 |
| Place of publication | NEW DELHI |
| 300 ## - PHYSICAL DESCRIPTION | |
| Number of Pages | 386 |
| 650 ## - SUBJECT ADDED ENTRY--TOPICAL TERM | |
| Topical Term | INFORMATION TECHNOLOGY |
| 942 ## - ADDED ENTRY ELEMENTS (KOHA) | |
| Koha item type | Books |
| Lost status | Damaged status | Collection code | Home library | Current library | Shelving location | Date acquired | Source of acquisition | Cost, normal purchase price | Full call number | Accession Number | Koha item type |
|---|---|---|---|---|---|---|---|---|---|---|---|
| Reference | JRU Library | SHELF-30-C | 05/09/2016 | PURCHASE | 250.00 | 004.65 | 21136 | Books | |||
| CS/IT | JRU Library | JRU Library | SHELF-49-I | 05/09/2016 | PURCHASE | 250.00 | 004.65 | 21137 | Books | ||
| MANAGEMENT | JRU Library | JRU Library | SHELF-63-I | 05/09/2016 | PURCHASE | 250.00 | 004.65 | 21138 | Books | ||
| CS/IT | JRU Library | JRU Library | SHELF-49-I | 05/09/2016 | PURCHASE | 250.00 | 004.65 | 21139 | Books | ||
| CS/IT | JRU Library | JRU Library | SHELF-52-E | 05/09/2016 | PURCHASE | 250.00 | 004.65 | 21140 | Books |